Gaming Quiz

Random Gaming Quiz
Score 0/52 Timer 10:00
0 Plays Today
Hint Answer % Correct
#25Pikachu
100%
#26Raichu
100%
#101Electrode
100%
#81Magnemite
85.7%
#82Magneton
85.7%
#100Voltorb
85.7%
#125Electabuzz
85.7%
#135Jolteon
85.7%
#145Zapdos
85.7%
#74Geodude
71.4%
#75Graveler
71.4%
#76Golem
71.4%
#172Pichu
71.4%
#179Mareep
71.4%
#180Flaaffy
71.4%
#181Ampharos
71.4%
#239Elekid
71.4%
#311Plusle
71.4%
#312Minun
71.4%
#403Shinx
71.4%
#404Luxio
71.4%
#405Luxray
71.4%
#462Magnezone
71.4%
#587Emolga
71.4%
#777Togedemaru
71.4%
#170Chinchou
57.1%
Hint Answer % Correct
#171Lanturn
57.1%
#243Raikou
57.1%
#309Electrike
57.1%
#310Manectric
57.1%
#417Pachirisu
57.1%
#466Electivire
57.1%
#479Rotom
57.1%
#522Blitzle
57.1%
#523Zebstrika
57.1%
#596Galvantula
57.1%
#618Stunfisk
57.1%
#738Vikavolt
57.1%
#595Joltic
42.9%
#694Helioptile
42.9%
#695Heliolisk
42.9%
#702Dedenne
42.9%
#737Charjabug
42.9%
#602Tynamo
28.6%
#603Eelektrik
28.6%
#642Thundurus
28.6%
#644Zekrom
28.6%
#741Oricorio
28.6%
#807Zeraora
28.6%
#785Tapu Koko
14.3%
#796Xurkitree
14.3%
#604Eelecktross
0%
Remove Ads.
Support Sporcle.
Get the best of Sporcle when you Go Orange. This ad-free experience offers more features, more stats, and more fun while also helping to support Sporcle. Thank you for becoming a member.

You're not logged in!

Compare scores with friends on all Sporcle quizzes.
OR
Log In

Show Comments

Extras

Created Dec 16, 2018ReportNominate
Tags:electric

Top Quizzes Today


Score Distribution

Your Account Isn't Verified!

In order to create a playlist on Sporcle, you need to verify the email address you used during registration. Go to your Sporcle Settings to finish the process.

Report this User

Report this user for behavior that violates our Community Guidelines.

Details: